Les besoins en logement (1954-1995).
Potreby bytov v rokoch 1954-1995 vo Francúzsku. Koncepcia týchto potrieb. Terajšia úroveň bytových potrieb. Ponuky sú nedostatočné. Potreby bývania v rokoch 1990 a 1995. Ako kvantifikovať potreby bývania? Vývoj počtu domácností. Obnova bytového fondu. Dajú sa vykalkulovať miestne bytové potreby? (L'...
Saved in:
| Main Author: | |
|---|---|
| Format: | Book Chapter |
| Language: | French |
| Subjects: | |
| Tags: |
No Tags, Be the first to tag this record!
|
MARC
| LEADER | 00000naa a2200000 4500 | ||
|---|---|---|---|
| 001 | r008348 | ||
| 005 | 20220913125031.9 | ||
| 041 | 0 | |a fre | |
| 044 | |a FR | ||
| 245 | 1 | 0 | |a Les besoins en logement (1954-1995). |c M. Mouillart |
| 520 | |a Potreby bytov v rokoch 1954-1995 vo Francúzsku. Koncepcia týchto potrieb. Terajšia úroveň bytových potrieb. Ponuky sú nedostatočné. Potreby bývania v rokoch 1990 a 1995. Ako kvantifikovať potreby bývania? Vývoj počtu domácností. Obnova bytového fondu. Dajú sa vykalkulovať miestne bytové potreby? (L'Observateur de l'immobilier 1991, č. 20). | ||
| 610 | 2 | 0 | |a byty |
| 610 | 2 | 0 | |a Francúzsko |
| 610 | 2 | 0 | |a 1954-1995 |
| 610 | 2 | 0 | |a bývanie |
| 610 | 2 | 0 | |a fond bytový |
| 100 | 1 | |a Mouillart, M. | |